Bellow, Saul

Furkejuvvon:
Bibliográfalaš dieđut
Váldodahkki: Herzog
Materiálatiipa: Girji
Giella:Undetermined
Almmustuhtton: Australia Penguin Books 1972
Fáttát:
Fáddágilkorat: Lasit fáddágilkoriid
Eai fáddágilkorat, Lasit vuosttaš fáddágilkora!

MARC

LEADER 00000nam a2200000Ia 4500
008 170316s9999 xx 000 0 und d
040 |a cru BVZT 
090 |a F-810 B-9h 
100 |a Herzog 
245 |a Bellow, Saul 
260 |a Australia 
260 |b Penguin Books 
260 |c 1972 
300 |a 348 páginas 
650 |a LITERATURA ESTADOUNIDENSE 
650 |a FICCIÓN 
999 |c 13367  |d 13367 
942 |c 15 D  |h F-810 B-9h  |2 z